000 00350nam a2200145Ia 4500
008 191201s2019 xx 000 0 und d
082 _a005.133
_bLAO
100 _aLAFORE, Robert
245 0 _aObject Oriented Programme in C++
250 _a3rd
260 _aN.Delhi
_bGalgotia Pub. Pvt
300 _a925
650 _aB.Tech(CSE)
942 _2ddc
_cBK
999 _c2156
_d2156